| 000 | 00329nam a2200121Ia 4500 | ||
|---|---|---|---|
| 008 | 210430s9999 xx 000 0 und d | ||
| 082 | _a954 M233 A | ||
| 100 | _aR.C.Majumdar,m.a,ph.D | ||
| 245 | 3 |
_aAn Advanced History of India _cR.C.Majumdar,m.a,ph.D |
|
| 260 |
_aLondan _bMacmillan _c1978 |
||
| 300 | _a1149p | ||
| 942 |
_cBK _2ddc |
||
| 999 |
_c562630 _d562630 |
||